[Event "Portugal Open 2018"]
[Site "Lisboa POR"]
[Date "2018.02.07"]
[Round "6.8"]
[White "Venkatesh, M.R."]
[Black "Korneev, Oleg"]
[Result "0-1"]
[WhiteElo "2445"]
[BlackElo "2554"]
[WhiteFideId "5005779"]
[BlackFideId "4156803"]
[WhiteTitle "GM"]
[BlackTitle "GM"]
[WhiteCountry "IND"]
[BlackCountry "ESP"]
[PlyCount "178"]

1. Nf3 d5 2. g3 Nf6 3. Bg2 Bf5 4. c4 c6 5. O-O e6 6. cxd5 exd5 7. d3 Be7 8. Qb3
Qb6 9. Qc2 O-O 10. Nc3 Nbd7 11. e4 Bg6 12. Nh4 dxe4 13. dxe4 Rfe8 14. Nxg6 hxg6
15. h3 Rad8 16. Be3 Qa6 17. Rfd1 Bc5 18. Bf4 Nf8 19. Rxd8 Rxd8 20. Bf1 Qa5 21.
Bc4 g5 22. Bc1 Ng6 23. Kg2 Bd4 24. Ne2 Qe1 25. Nxd4 Rxd4 26. Bd3 Ne5 27. Be3
Qxa1 28. Bxd4 Nxd3 29. Qxd3 Qxa2 30. Qe3 Qb1 31. f3 c5 32. Bc3 Qc2+ 33. Kg1 Qd1+
34. Kg2 b6 35. g4 Nh7 36. e5 Qd5 37. Kg3 a5 38. Qe2 Nf8 39. Qa6 Qd8 40. Qb7 Ne6
41. Qc6 Qd1 42. Kf2 Nf4 43. Qa8+ Kh7 44. Qe4+ g6 45. h4 Nh3+ 46. Kg2 gxh4 47.
Be1 Ng5 48. Qe3 Ne6 49. Bxh4 Qc2+ 50. Kg3 Qxb2 51. Bf6 Qd4 52. Qc1 Kg8 53. Qh1
Qf4+ 54. Kg2 Qd2+ 55. Kg3 Qf4+ 56. Kg2 Ng7 57. Qb1 Qb4 58. Qd3 Qd4 59. Qa6 Ne8
60. Qxb6 Nxf6 61. exf6 g5 62. Qxa5 Kh7 63. Qa2 c4 64. Qc2+ Kh6 65. Kg3 Qe5+ 66.
Kg2 c3 67. Kf1 Qe3 68. Qf5 Qc1+ 69. Kg2 Qd2+ 70. Kh3 Qf4 71. Qd5 c2 72. Qxf7
Qxf3+ 73. Kh2 Qf2+ 74. Kh3 Qh4+ 75. Kg2 Qxg4+ 76. Kf2 Qf4+ 77. Kg2 Qe4+ 78. Kg3
Qe3+ 79. Kg4 Qf4+ 80. Kh3 g4+ 81. Kh4 g3+ 82. Kh3 Qf5+ 83. Kh4 Qe4+ 84. Kh3 Qf5+
85. Kh4 Qf4+ 86. Kh3 c1=Q 87. Qg7+ Kh5 88. Qh7+ Qh6 89. Qf5+ Qcg5 0-1

[Event "Portugal Open 2018"]
[Site "Lisboa POR"]
[Date "2018.02.07"]
[Round "6.9"]
[White "Campora, Daniel"]
[Black "Spraggett, Kevin"]
[Result "1/2-1/2"]
[WhiteElo "2426"]
[BlackElo "2535"]
[WhiteFideId "100013"]
[BlackFideId "2600013"]
[WhiteTitle "GM"]
[BlackTitle "GM"]
[WhiteCountry "ARG"]
[BlackCountry "CAN"]
[PlyCount "103"]

1. e4 c6 2. d4 d5 3. Nc3 dxe4 4. Nxe4 Nf6 5. Nxf6+ exf6 6. Bc4 Bd6 7. Qe2+ Be7
8. Nf3 O-O 9. O-O Bg4 10. Be3 Nd7 11. h3 Bh5 12. g4 Bg6 13. Bb3 a5 14. a4 Nb6
15. c4 Bb4 16. Rad1 Re8 17. Nh4 Be4 18. f3 Bg6 19. Nxg6 hxg6 20. Qf2 Qe7 21. Rd3
Nd7 22. Bf4 Nc5 23. Re3 Ne6 24. c5 Nxf4 25. Rxe7 Rxe7 26. Qc2 Ne2+ 27. Kg2 Nxd4
28. Qc4 Nxb3 29. Qxb3 Bxc5 30. Qc4 b6 31. Rd1 Rae8 32. Rd2 Re1 33. h4 g5 34. h5
Rg1+ 35. Kh3 Rh1+ 36. Rh2 Rhe1 37. Rd2 Rh1+ 38. Rh2 Rb1 39. Re2 Rd8 40. Qc2 Rh1+
41. Kg2 Rg1+ 42. Kh2 Ra1 43. Kg2 Bd4 44. Qxc6 Be5 45. Qxb6 Rdd1 46. Rxe5 fxe5
47. Qb8+ Kh7 48. Qxe5 Rd2+ 49. Kg3 Rg1+ 50. Kh3 Rh1+ 51. Kg3 Rg1+ 52. Kh3
1/2-1/2

[Event "Portugal Open 2018"]
[Site "Lisboa POR"]
[Date "2018.02.07"]
[Round "6.10"]
[White "Kanarek, Marcel"]
[Black "Radovanovic, Mihajlo"]
[Result "1-0"]
[WhiteElo "2512"]
[BlackElo "2422"]
[WhiteFideId "1126822"]
[BlackFideId "940313"]
[WhiteTitle "GM"]
[BlackTitle "IM"]
[WhiteCountry "POL"]
[BlackCountry "SRB"]
[PlyCount "105"]

1. e4 c5 2. Nf3 e6 3. d4 cxd4 4. Nxd4 a6 5. c4 Nf6 6. Nc3 Qc7 7. Be2 Bb4 8. O-O
O-O 9. Bg5 Bxc3 10. Bxf6 Bb4 11. Bg5 Bd6 12. g3 Nc6 13. Be3 Nxd4 14. Qxd4 Be5
15. Qb6 Qxb6 16. Bxb6 d6 17. Rfd1 Bxb2 18. Rab1 Bf6 19. Rxd6 Be7 20. e5 Bxd6 21.
exd6 e5 22. Bc7 f5 23. c5 Kf7 24. Bc4+ Be6 25. Bxe6+ Kxe6 26. Rxb7 Rf7 27. c6
Kd5 28. Ba5 Rff8 29. Rxg7 Kxc6 30. d7 h5 31. Rh7 f4 32. gxf4 exf4 33. Kg2 f3+
34. Kg3 h4+ 35. Kg4 Kd5 36. Kxh4 Ke4 37. Rh6 Kf4 38. Bc7+ Ke4 39. Re6+ Kf5 40.
Rh6 Ke4 41. Re6+ Kf5 42. Rd6 Rad8 43. Bxd8 Rxd8 44. Kg3 Ke4 45. Re6+ Kf5 46. Rd6
Ke4 47. Rd1 a5 48. h4 a4 49. h5 a3 50. h6 Rg8+ 51. Kh4 Rd8 52. Kg5 Ke5 53. h7
1-0

[Event "Portugal Open 2018"]
[Site "Lisboa POR"]
[Date "2018.02.07"]
[Round "6.11"]
[White "Bulmaga, Irina"]
[Black "Arizmendi Martínez, Julen Luis"]
[Result "0-1"]
[WhiteElo "2411"]
[BlackElo "2508"]
[WhiteFideId "13903063"]
[BlackFideId "2205092"]
[WhiteTitle "IM"]
[BlackTitle "GM"]
[WhiteCountry "ROU"]
[BlackCountry "ESP"]
[PlyCount "122"]

1. e4 b6 2. d4 Bb7 3. Bd3 e6 4. Nf3 c5 5. c3 Nf6 6. Nbd2 d5 7. e5 Nfd7 8. O-O
Ba6 9. Bxa6 Nxa6 10. Qa4 Qc8 11. c4 dxc4 12. Nxc4 Qb7 13. dxc5 Naxc5 14. Qd1 h6
15. b4 Ne4 16. a3 Rc8 17. Ne3 Be7 18. Bb2 O-O 19. Qb3 b5 20. Rfe1 Nb6 21. Rac1
Na4 22. Ba1 a6 23. Rcd1 Rfd8 24. Rxd8+ Bxd8 25. Qd3 Bb6 26. h3 Nec3 27. Bxc3
Rxc3 28. Qd2 Rxa3 29. Ng4 Rc3 30. Qf4 Qe7 31. Re4 Kf8 32. Nxh6 gxh6 33. Qxh6+
Ke8 34. Ng5 Rc2 35. Rf4 Rxf2 36. Rxf2 Qxb4 37. Nxf7 Bxf2+ 38. Kxf2 Kxf7 39. Qf6+
Ke8 40. Qxe6+ Qe7 41. Qc8+ Kf7 42. Qf5+ Kg8 43. Kg1 Nc5 44. Qg6+ Kf8 45. Qf5+
Kg7 46. Qg4+ Kh6 47. Qf4+ Kg6 48. h4 Ne6 49. Qe4+ Kg7 50. Kh2 Qf7 51. Qg4+ Qg6
52. Qb4 Qf5 53. Qe7+ Kh6 54. Qd6 a5 55. g3 b4 56. Qb8 Qf2+ 57. Kh3 Qf5+ 58. Kh2
Kh5 59. Qh8+ Kg4 60. Qg8+ Kf3 61. Qc8 Qe4 0-1

[Event "Portugal Open 2018"]
[Site "Lisboa POR"]
[Date "2018.02.07"]
[Round "6.12"]
[White "Gabrielian, Artur"]
[Black "Luch, Michal"]
[Result "1-0"]
[WhiteElo "2502"]
[BlackElo "2396"]
[WhiteFideId "4131002"]
[BlackFideId "1120042"]
[WhiteTitle "GM"]
[BlackTitle "IM"]
[WhiteCountry "RUS"]
[BlackCountry "POL"]
[PlyCount "61"]

1. e4 Nf6 2. e5 Nd5 3. d4 d6 4. Nf3 dxe5 5. Nxe5 c6 6. Be2 Bf5 7. O-O Nd7 8. Nf3
e6 9. c4 N5f6 10. Nc3 Ne4 11. Bd3 Nxc3 12. bxc3 Bxd3 13. Qxd3 Be7 14. Rb1 b6 15.
Bf4 O-O 16. Rfe1 Re8 17. Re3 Qc8 18. Rbe1 Nf8 19. h4 Qa6 20. R1e2 f6 21. h5 Rad8
22. Nh4 b5 23. Rg3 bxc4 24. Rxg7+ Kxg7 25. Qg3+ Kf7 26. Bh6 e5 27. Qg7+ Ke6 28.
dxe5 fxe5 29. Qxe5+ Kd7 30. Bf4 Bxh4 31. Qc7# 1-0

[Event "Portugal Open 2018"]
[Site "Lisboa POR"]
[Date "2018.02.07"]
[Round "6.13"]
[White "Galego, Luís"]
[Black "Mihajlov, Sebastian"]
[Result "1/2-1/2"]
[WhiteElo "2481"]
[BlackElo "2378"]
[WhiteFideId "1900072"]
[BlackFideId "1512110"]
[WhiteTitle "GM"]
[BlackTitle "IM"]
[WhiteCountry "POR"]
[BlackCountry "NOR"]
[PlyCount "107"]

1. d4 d5 2. Nf3 Nf6 3. c4 c6 4. Nbd2 Bf5 5. e3 e6 6. Be2 h6 7. O-O Nbd7 8. b3
Bd6 9. Bb2 O-O 10. c5 Bc7 11. b4 Qe7 12. Nb3 e5 13. Nxe5 Nxe5 14. dxe5 Bxe5 15.
Bxe5 Qxe5 16. Nd4 Ne4 17. Bd3 Nc3 18. Qc2 Bxd3 19. Qxd3 Ne4 20. Rac1 g6 21. f3
Nf6 22. b5 Rac8 23. bxc6 bxc6 24. Rc3 Nd7 25. Rb1 Rc7 26. Rb4 Qe7 27. Nb3 Ne5
28. Qd4 Nc4 29. Nd2 Nxd2 30. Qxd2 Rb7 31. Rxb7 Qxb7 32. Rb3 Qc7 33. Qb4 Qe5 34.
Qd4 Qc7 35. Rb4 Rb8 36. a3 Re8 37. g3 Kh7 38. Kf2 Kg8 39. Qf6 Re6 40. Qb2 Re8
41. Rb7 Qa5 42. Qb4 Qa6 43. Rb8 Rxb8 44. Qxb8+ Kg7 45. Qe5+ Kg8 46. g4 Qb5 47.
Qe8+ Kg7 48. Qe5+ Kg8 49. Qe7 Qa4 50. Kg3 Qd1 51. Qe8+ Kg7 52. Qxc6 Qg1+ 53. Kh3
Qf1+ 54. e4 1/2-1/2

[Event "Portugal Open 2018"]
[Site "Lisboa POR"]
[Date "2018.02.07"]
[Round "6.14"]
[White "Nagy, Gabor"]
[Black "Kerigan, Demre"]
[Result "1-0"]
[WhiteElo "2469"]
[BlackElo "2350"]
[WhiteFideId "737119"]
[BlackFideId "6307841"]
[WhiteTitle "IM"]
[BlackTitle "IM"]
[WhiteCountry "HUN"]
[BlackCountry "TUR"]
[PlyCount "45"]

1. e4 d6 2. d4 Nf6 3. Nc3 e5 4. Nf3 Nbd7 5. Bc4 Be7 6. O-O O-O 7. a4 c6 8. Re1
h6 9. Ba2 Re8 10. h3 Qc7 11. dxe5 dxe5 12. Nh4 Nc5 13. Qf3 Ne6 14. Nf5 Nf4 15.
Ne2 Bxf5 16. Nxf4 exf4 17. Bxf4 Qb6 18. exf5 Qxb2 19. Be5 Qxc2 20. Re2 Qc5 21.
Rae1 Rf8 22. Bb2 Bd8 23. Ba3 1-0

[Event "Portugal Open 2018"]
[Site "Lisboa POR"]
[Date "2018.02.07"]
[Round "6.15"]
[White "Sterck, Arno"]
[Black "Kaczúr, Flórián"]
[Result "1/2-1/2"]
[WhiteElo "2295"]
[BlackElo "2459"]
[WhiteFideId "228249"]
[BlackFideId "705098"]
[WhiteTitle "FM"]
[BlackTitle "IM"]
[WhiteCountry "BEL"]
[BlackCountry "HUN"]
[PlyCount "91"]

1. Nf3 d5 2. d4 Nf6 3. c4 e6 4. g3 dxc4 5. Bg2 a6 6. O-O Nc6 7. Qc2 Nxd4 8. Nxd4
Qxd4 9. Be3 Qg4 10. h3 Qg6 11. Qa4+ b5 12. Qa5 Nd5 13. Bxd5 exd5 14. Qxc7 Bxh3
15. Rd1 Bb4 16. Nc3 Bxc3 17. Bc5 Bd7 18. bxc3 Qc6 19. Qe5+ Be6 20. Qxg7 O-O-O
21. Bd4 Rhg8 22. Qxh7 Qd7 23. a4 Bf5 24. Qh6 Rg6 25. Qf4 Rg4 26. Qh6 Rg6 27. Qf4
b4 28. cxb4 Re8 29. f3 Rxe2 30. Re1 Rge6 31. Rxe2 Rxe2 32. Qh6 Bg6 33. Qf8+ Qd8
34. Qxd8+ Kxd8 35. b5 a5 36. Bc3 Kc8 37. Re1 Ra2 38. Re8+ Kd7 39. Ra8 Rxa4 40.
Rxa5 Rxa5 41. Bxa5 d4 42. Bb6 d3 43. Kf2 d2 44. Ke2 c3 45. Kd1 Bd3 46. Ba5
1/2-1/2

[Event "Portugal Open 2018"]
[Site "Lisboa POR"]
[Date "2018.02.07"]
[Round "6.16"]
[White "Jobava, Baadur"]
[Black "Veiga, Francisco"]
[Result "1-0"]
[WhiteElo "2685"]
[BlackElo "2320"]
[WhiteFideId "13601520"]
[BlackFideId "1930087"]
[WhiteTitle "GM"]
[BlackTitle "FM"]
[WhiteCountry "GEO"]
[BlackCountry "POR"]
[PlyCount "107"]

1. e4 c5 2. Nc3 Nc6 3. Nge2 g6 4. d4 cxd4 5. Nxd4 Bg7 6. Nb3 Nf6 7. Be2 O-O 8.
O-O d6 9. Re1 a5 10. Bb5 Be6 11. h3 Na7 12. Bf1 Nc6 13. Bb5 Na7 14. Nd4 Nxb5 15.
Ncxb5 Bd7 16. a4 Bc6 17. Bg5 h6 18. Bxf6 Bxf6 19. c3 Qb6 20. Qd2 Kh7 21. Qe3
Rfd8 22. b3 e5 23. Nf5 Qxe3 24. Nxe3 Bg5 25. Nc4 d5 26. exd5 Bxd5 27. Nxe5 Bxb3
28. Reb1 Bd5 29. Nc7 Rab8 30. Rb5 Bf4 31. Nxd5 Bxe5 32. Re1 Bd6 33. Reb1 Kg7 34.
Kf1 Be5 35. Ke2 Rd7 36. Kd3 Re8 37. c4 Bd6 38. Rxa5 Re5 39. Rab5 Rf5 40. f3 Rg5
41. g4 Re5 42. a5 h5 43. Rxb7 Rxb7 44. Rxb7 hxg4 45. hxg4 Re1 46. Rb5 Rc1 47.
Nc3 Rf1 48. Ke2 Rc1 49. c5 Be7 50. Kd3 Rf1 51. Ke2 Rc1 52. Kd2 Rf1 53. c6 Bd6
54. Nd5 1-0

[Event "Portugal Open 2018"]
[Site "Lisboa POR"]
[Date "2018.02.07"]
[Round "6.17"]
[White "Hill, Alistair"]
[Black "Pérez Ponsa, Federico"]
[Result "0-1"]
[WhiteElo "2159"]
[BlackElo "2553"]
[WhiteFideId "432407"]
[BlackFideId "117927"]
[BlackTitle "GM"]
[WhiteCountry "ENG"]
[BlackCountry "ARG"]
[PlyCount "56"]

1. d4 Nf6 2. c4 g6 3. Nc3 Bg7 4. e4 d6 5. Be2 O-O 6. Bg5 Na6 7. Qd2 e5 8. d5 Nc5
9. f3 h6 10. Be3 a5 11. h4 h5 12. Nh3 Nh7 13. Ng5 Nxg5 14. Bxg5 Bf6 15. O-O-O
Bxg5 16. hxg5 Kg7 17. g3 f6 18. f4 fxg5 19. f5 Rh8 20. fxg6 g4 21. Rh4 Kxg6 22.
Rdh1 Qg5 23. b3 Bd7 24. Rf1 Raf8 25. Rhh1 Be8 26. Qxg5+ Kxg5 27. Kd2 Rxf1 28.
Bxf1 Rf8 0-1

[Event "Portugal Open 2018"]
[Site "Lisboa POR"]
[Date "2018.02.07"]
[Round "6.18"]
[White "Ferreira, Hugo"]
[Black "Sanal, Vahap"]
[Result "0-1"]
[WhiteElo "2158"]
[BlackElo "2551"]
[WhiteFideId "1915940"]
[BlackFideId "6300545"]
[BlackTitle "GM"]
[WhiteCountry "POR"]
[BlackCountry "TUR"]
[PlyCount "106"]

1. d4 Nf6 2. Nf3 e6 3. Bf4 c5 4. c3 b6 5. Nbd2 Bb7 6. e3 Be7 7. a4 Nh5 8. Bg3
Nc6 9. Bd3 d6 10. Qe2 a6 11. e4 cxd4 12. Nxd4 Nxg3 13. hxg3 Qc7 14. N2f3 Ne5 15.
Bc2 Rc8 16. Nd2 g6 17. Bb3 Nc6 18. Qe3 Bf6 19. Ne2 Ne5 20. Nf4 Bg7 21. O-O h5
22. Nf3 Qc5 23. Qe2 Nxf3+ 24. Qxf3 h4 25. g4 Qe5 26. Rfe1 Qg5 27. Rad1 Qe7 28.
Bxe6 fxe6 29. Nxg6 Qc7 30. Nxh8 Bxh8 31. g5 Be5 32. Qh5+ Qf7 33. g6 Qf4 34. g7+
Ke7 35. Qh7 Qf7 36. Qxh4+ Kd7 37. Qg5 Bf4 38. Qg4 Rg8 39. e5 Rxg7 40. Rxd6+ Kc7
41. Qxe6 Qxe6 42. Rxe6 Bxg2 43. Re7+ Rxe7 44. Kxg2 Bxe5 45. f4 Bd6 46. Rxe7+
Bxe7 47. Kf3 Kd6 48. Ke4 Bf6 49. Kd3 Kd5 50. b3 Bg7 51. f5 Bf6 52. c4+ Kc5 53.
Ke4 a5 0-1

[Event "Portugal Open 2018"]
[Site "Lisboa POR"]
[Date "2018.02.07"]
[Round "6.19"]
[White "Warakomski, Tomasz"]
[Black "Injac, Teodora"]
[Result "1-0"]
[WhiteElo "2517"]
[BlackElo "2302"]
[WhiteFideId "1124552"]
[BlackFideId "932400"]
[WhiteTitle "GM"]
[BlackTitle "WIM"]
[WhiteCountry "POL"]
[BlackCountry "SRB"]
[PlyCount "93"]

1. e4 e6 2. d4 d5 3. Nc3 Nf6 4. Bg5 Bb4 5. e5 h6 6. Bd2 Bxc3 7. bxc3 Ne4 8. Bc1
Nxc3 9. Qg4 g6 10. Bd3 Qe7 11. Bd2 Na4 12. Rb1 Nb6 13. Bb4 Qg5 14. Qxg5 hxg5 15.
g4 Nc6 16. Nf3 Nxb4 17. Rxb4 Ke7 18. Nxg5 Bd7 19. f4 Rac8 20. Nf3 c5 21. dxc5
Rxc5 22. Kf2 Ra5 23. Ra1 Bc6 24. Kg3 Na4 25. Nd4 Nc5 26. a3 Kd7 27. Nb3 Nxb3 28.
Rxb3 b6 29. h4 Rc5 30. Rb4 Kc7 31. Rh1 a5 32. Rb2 d4 33. Rh2 a4 34. h5 gxh5 35.
Rxh5 Rf8 36. Rh7 Rc3 37. f5 Bd5 38. Rb4 Rxa3 39. Rxd4 Kc6 40. Rb4 Kc5 41. Rb5+
Kc6 42. Rb4 Kc5 43. Rb5+ Kd4 44. Kf4 Ra1 45. Rh3 a3 46. Be2 Rc1 47. Rd3+ 1-0

[Event "Portugal Open 2018"]
[Site "Lisboa POR"]
[Date "2018.02.07"]
[Round "6.20"]
[White "Savanovic, Aleksandar"]
[Black "Rego, Pedro"]
[Result "1/2-1/2"]
[WhiteElo "2448"]
[BlackElo "2292"]
[WhiteFideId "914932"]
[BlackFideId "1904310"]
[WhiteTitle "IM"]
[BlackTitle "CM"]
[WhiteCountry "BIH"]
[BlackCountry "POR"]
[PlyCount "75"]

1. e4 e5 2. Nf3 Nc6 3. Bb5 a6 4. Ba4 Nf6 5. O-O Be7 6. Re1 b5 7. Bb3 d6 8. c3
O-O 9. h3 Nb8 10. d4 Nbd7 11. Nbd2 Bb7 12. Bc2 Re8 13. Nf1 Bf8 14. Ng3 g6 15. a4
c6 16. Be3 Qc7 17. Qc1 Bg7 18. Bh6 Bh8 19. axb5 cxb5 20. dxe5 dxe5 21. Ng5 Nc5
22. Qe3 a5 23. b4 Ne6 24. Bb3 Nxg5 25. Bxg5 a4 26. Ba2 Rac8 27. Rac1 Red8 28.
Red1 Rd6 29. Qf3 Rcd8 30. Rxd6 Qxd6 31. c4 bxc4 32. Bxc4 Bg7 33. Qa3 Ra8 34. f3
Bc6 35. Be3 Bf8 36. Qa2 Qd7 37. Rb1 Bb5 38. Ne2 1/2-1/2

[Event "Portugal Open 2018"]
[Site "Lisboa POR"]
[Date "2018.02.07"]
[Round "6.21"]
[White "Cawdery, Daniel"]
[Black "Koziol, Kamil"]
[Result "0-1"]
[WhiteElo "2446"]
[BlackElo "2257"]
[WhiteFideId "14300249"]
[BlackFideId "1161555"]
[WhiteTitle "IM"]
[BlackTitle "FM"]
[WhiteCountry "RSA"]
[BlackCountry "POL"]
[PlyCount "108"]

1. e4 d6 2. d4 Nf6 3. Nc3 e5 4. dxe5 dxe5 5. Qxd8+ Kxd8 6. Bg5 Be6 7. O-O-O+
Nbd7 8. f4 exf4 9. Nf3 Kc8 10. Bxf4 a6 11. Ng5 Bc5 12. Be2 Re8 13. Nxe6 Rxe6 14.
Bc4 Re7 15. Rhe1 Ne5 16. Bb3 Bb4 17. Re3 Bxc3 18. Rxc3 Nxe4 19. Re3 f5 20. Rd5
Ng4 21. Red3 Nd6 22. Bxd6 cxd6 23. Rxf5 Kc7 24. h3 Ne5 25. Rc3+ Nc6 26. Bd5 Rae8
27. Bf3 Re5 28. Rf4 g5 29. Rf7+ R8e7 30. Rxe7+ Rxe7 31. Kd2 Re5 32. Re3 Rb5 33.
b3 Ra5 34. a4 Rf5 35. Be4 Rf2+ 36. Ke1 Rf7 37. Bd5 Rg7 38. Bxc6 Kxc6 39. Kf2 b5
40. axb5+ axb5 41. Rf3 Kc5 42. Ke3 d5 43. g4 Re7+ 44. Kd3 Re1 45. Rf7 Rg1 46.
Rc7+ Kb4 47. Rxh7 Rg3+ 48. Kd4 Rc3 49. Kxd5 Rxc2 50. Rh5 Rc3 51. Rxg5 Rc5+ 52.
Ke6 Rxg5 53. Kf6 Rg8 54. g5 Rh8 0-1

[Event "Portugal Open 2018"]
[Site "Lisboa POR"]
[Date "2018.02.07"]
[Round "6.23"]
[White "Yurtseven, Melih"]
[Black "Godzwon, Iwo"]
[Result "1/2-1/2"]
[WhiteElo "2415"]
[BlackElo "2240"]
[WhiteFideId "6312160"]
[BlackFideId "21802483"]
[WhiteTitle "FM"]
[WhiteCountry "TUR"]
[BlackCountry "POL"]
[PlyCount "137"]

1. Nf3 c5 2. c4 Nc6 3. g3 g6 4. Bg2 Bg7 5. Nc3 e6 6. h4 Nf6 7. d4 cxd4 8. Nxd4
Nxd4 9. Qxd4 O-O 10. Qd6 Ne8 11. Qd3 Qb6 12. h5 d6 13. hxg6 fxg6 14. O-O Bd7 15.
Be3 Qxb2 16. Ne4 Bc6 17. Nxd6 Nxd6 18. Qxd6 Bxg2 19. Kxg2 Qxe2 20. Qxe6+ Kh8 21.
Qd5 Rad8 22. Rae1 Qxa2 23. Qxb7 Qxc4 24. Rd1 a6 25. Rxd8 Rxd8 26. Rc1 Qb5 27.
Qa7 Qd5+ 28. Kg1 Qa8 29. Qc7 Qb8 30. Qa5 Rc8 31. Rd1 Qb3 32. Rd7 Qb1+ 33. Kh2
Qf5 34. Qxf5 gxf5 35. Ra7 Kg8 36. Rxa6 Kf7 37. Kg2 Re8 38. Ra5 Kg6 39. Ra6+ Kf7
40. Kf3 Re6 41. Ra7+ Kg6 42. Rb7 Bf6 43. Rb5 Bg7 44. Bf4 h5 45. Rd5 Bf6 46. Be3
Ra6 47. Rb5 Rc6 48. Rb4 Re6 49. Ra4 Rc6 50. Ra8 Re6 51. Rc8 Ra6 52. Ke2 Rd6 53.
Ra8 Kf7 54. Bf4 Rc6 55. Rb8 Kg6 56. Be3 Rd6 57. Rc8 Kf7 58. Bf4 Rd5 59. Rc6 h4
60. gxh4 Bxh4 61. Be3 Re5 62. Kf3 Re6 63. Rc1 Re4 64. Rc6 Bf6 65. Ra6 Rc4 66.
Ra5 Kg6 67. Ra6 Kf7 68. Ra7+ Kg6 69. Ra6 1/2-1/2

[Event "Portugal Open 2018"]
[Site "Lisboa POR"]
[Date "2018.02.07"]
[Round "6.24"]
[White "Sousa, André V"]
[Black "Costa, Paulo"]
[Result "1-0"]
[WhiteElo "2405"]
[BlackElo "2175"]
[WhiteFideId "1917617"]
[BlackFideId "1900900"]
[WhiteTitle "IM"]
[WhiteCountry "POR"]
[BlackCountry "POR"]
[PlyCount "130"]

1. e4 c5 2. Nf3 e6 3. b3 Nc6 4. Bb2 d6 5. d4 cxd4 6. Nxd4 Nf6 7. Nxc6 bxc6 8. e5
dxe5 9. Qxd8+ Kxd8 10. Bxe5 Nd5 11. Bb2 f6 12. Nc3 Nxc3 13. Bxc3 a5 14. O-O-O+
Kc7 15. Rd4 Ba3+ 16. Kb1 Rd8 17. Rxd8 Kxd8 18. Bd3 h6 19. f4 Bb4 20. Bb2 Kc7 21.
Rf1 Ba6 22. c4 Re8 23. g4 Bd6 24. h4 e5 25. fxe5 Bxe5 26. Re1 c5 27. Ba3 Kb6 28.
Kc2 Re7 29. Bc1 Bd6 30. Rd1 Be5 31. Bf5 Bd4 32. Bf4 Re2+ 33. Rd2 Rxd2+ 34. Kxd2
g5 35. Bg3 Bb7 36. h5 Be5 37. Bf2 Bg2 38. Kc2 Bf3 39. a3 Kc6 40. Be1 Bc7 41. Bc3
Bd8 42. Kd2 Kd6 43. Ke3 Bd1 44. b4 axb4 45. axb4 Bb3 46. Kd3 Bd1 47. bxc5+ Kxc5
48. Bb2 Kd6 49. Ba3+ Ke5 50. Ke3 Bb6+ 51. c5 Ba7 52. Kd2 Bf3 53. Ke3 Bd1 54.
Bb2+ Kd5 55. Bxf6 Bxc5+ 56. Kd2 Bf3 57. Bg7 Bd4 58. Bxh6 Bf6 59. Bf8 Ke5 60. Ke3
Bd5 61. Ba3 Bd8 62. Bb2+ Kd6 63. h6 Bb6+ 64. Ke2 Bc4+ 65. Bd3 Kd5 1-0

[Event "Portugal Open 2018"]
[Site "Lisboa POR"]
[Date "2018.02.07"]
[Round "6.25"]
[White "Klasan, Vladimir"]
[Black "Shamima, Akter Liza"]
[Result "1-0"]
[WhiteElo "2381"]
[BlackElo "2160"]
[WhiteFideId "934054"]
[BlackFideId "10202587"]
[WhiteTitle "IM"]
[BlackTitle "WIM"]
[WhiteCountry "SRB"]
[BlackCountry "BAN"]
[PlyCount "75"]

1. e4 c6 2. d4 d5 3. Nc3 dxe4 4. Nxe4 Bf5 5. Ng3 Bg6 6. h4 h6 7. Nf3 Nd7 8. h5
Bh7 9. Bd3 Bxd3 10. Qxd3 e6 11. Bd2 Ngf6 12. O-O-O Be7 13. Ne4 Nxe4 14. Qxe4 Nf6
15. Qd3 Ng4 16. Qe2 Qd5 17. c4 Qf5 18. Ne5 Nxe5 19. dxe5 O-O-O 20. g4 Qd3 21.
Qxd3 Rxd3 22. Be3 Rxd1+ 23. Rxd1 b6 24. Kc2 Rd8 25. Rxd8+ Kxd8 26. Kd3 Kd7 27.
f4 Bf8 28. Ke4 c5 29. a4 a5 30. f5 Ke8 31. Bf4 Kd7 32. g5 g6 33. fxg6 fxg6 34.
gxh6 gxh5 35. h7 Bg7 36. Bg5 Ke8 37. Bf6 Kf7 38. h8=Q 1-0

[Event "Portugal Open 2018"]
[Site "Lisboa POR"]
[Date "2018.02.07"]
[Round "6.26"]
[White "Haria, Ravi"]
[Black "Carneiro, Carlos"]
[Result "1-0"]
[WhiteElo "2376"]
[BlackElo "2130"]
[WhiteFideId "415820"]
[BlackFideId "1900170"]
[WhiteTitle "IM"]
[BlackTitle "NM"]
[WhiteCountry "ENG"]
[BlackCountry "POR"]
[PlyCount "71"]

1. e4 c5 2. Nf3 Nc6 3. Bb5 g6 4. Bxc6 bxc6 5. O-O Bg7 6. Re1 Nf6 7. e5 Nd5 8. c4
Nc7 9. d4 cxd4 10. Qxd4 d5 11. Nc3 Ne6 12. Qh4 d4 13. Ne4 h6 14. Bd2 a5 15. Rad1
c5 16. Bc1 Qc7 17. Qg3 Ra6 18. Rd3 Rb6 19. Ra3 Rb4 20. b3 Rb7 21. Bd2 Ra7 22. h4
Bd7 23. Bc1 Ra6 24. Bd2 Bc6 25. h5 g5 26. Qg4 Bd7 27. Ng3 Nf4 28. Nf5 Kf8 29.
Bxf4 Qc8 30. N3h4 Rg8 31. Bxg5 hxg5 32. Qxg5 Bxf5 33. Qxf5 Qb7 34. b4 axb4 35.
Rf3 e6 36. Qh7 1-0

[Event "Portugal Open 2018"]
[Site "Lisboa POR"]
[Date "2018.02.07"]
[Round "6.27"]
[White "Blum, Gernot"]
[Black "Rocha, Sérgio"]
[Result "0-1"]
[WhiteElo "2028"]
[BlackElo "2371"]
[WhiteFideId "4602030"]
[BlackFideId "1900404"]
[BlackTitle "IM"]
[WhiteCountry "GER"]
[BlackCountry "POR"]
[PlyCount "168"]

1. c4 Nf6 2. Nc3 g6 3. Nf3 Bg7 4. g3 d6 5. Bg2 c6 6. O-O a6 7. d3 b5 8. Nd2 d5
9. cxd5 cxd5 10. e4 Be6 11. Nb3 b4 12. exd5 Bg4 13. Ne2 Nxd5 14. h3 Bxe2 15.
Qxe2 O-O 16. Bg5 Ra7 17. Rac1 h6 18. Bxd5 hxg5 19. Bg2 a5 20. Rc4 Nd7 21. Qe3
Qb6 22. d4 Qf6 23. Rc6 Qf5 24. Qxe7 a4 25. g4 Qf4 26. Nc1 Qxd4 27. b3 Ne5 28.
Rc7 Rxc7 29. Qxc7 a3 30. Qb7 Rd8 31. Ne2 Qd2 32. Qb6 Rd6 33. Qc5 Rd8 34. Ng3
Qxa2 35. Qxb4 Qb2 36. Qa5 Rf8 37. Bd5 Nd3 38. b4 Nxb4 39. Bc4 a2 40. Kg2 Nc2 41.
Bxa2 Ne3+ 42. Kg1 Nxf1 43. Kxf1 Qe5 44. Bd5 Qf4 45. Ne4 Be5 46. Qa7 Kg7 47. Qe7
Bf6 48. Qd7 Be5 49. Qe7 Bd4 50. Qb4 Qe5 51. Qb7 Kh6 52. Bxf7 Rxf7 53. Qxf7 Qxe4
54. Qf8+ Bg7 55. Qa3 Qd4 56. Kg2 Qd5+ 57. Kg1 Kh7 58. Qe7 Qe5 59. Qd7 Kg8 60.
Qb7 Bf8 61. Kg2 Bd6 62. Qc8+ Kg7 63. Qb7+ Qe7 64. Qd5 Be5 65. Qe4 Qd6 66. Qb7+
Kf6 67. Qf3+ Ke6 68. Kg1 Bd4 69. Qe4+ Kf6 70. Kg2 Qf4 71. Qc6+ Kg7 72. Qc2 Be5
73. Qd3 Qd4 74. Qf3 Qf4 75. Qd3 Bd4 76. Qe2 Kf6 77. Qa6+ Ke7 78. Qe2+ Kd7 79.
Qc2 Qf6 80. Qa4+ Qc6+ 81. Qxc6+ Kxc6 82. f4 gxf4 83. h4 Kd5 84. Kf3 Ke5 0-1

[Event "Portugal Open 2018"]
[Site "Lisboa POR"]
[Date "2018.02.07"]
[Round "6.28"]
[White "Öztürk, Kubra"]
[Black "Cabello Aguilar, Enrique"]
[Result "1/2-1/2"]
[WhiteElo "2353"]
[BlackElo "2015"]
[WhiteFideId "6302599"]
[BlackFideId "2231115"]
[WhiteTitle "WGM"]
[WhiteCountry "TUR"]
[BlackCountry "ESP"]
[PlyCount "96"]

1. Nf3 Nf6 2. c4 g6 3. g3 c5 4. Bg2 Nc6 5. d4 cxd4 6. Nxd4 Bg7 7. Nc3 O-O 8. O-O
Qb6 9. Nb3 d6 10. Bg5 Be6 11. Nd5 Bxd5 12. cxd5 Ne5 13. Be3 Qb5 14. Bd4 Rfc8 15.
a4 Qd7 16. f4 Nc4 17. Qd3 Ne8 18. Ra2 a6 19. Bxg7 Nxg7 20. Nd4 a5 21. b3 Nb6 22.
e4 Rc5 23. Rc2 Rac8 24. Rfc1 Rxc2 25. Rxc2 Ne8 26. Nb5 Nc7 27. Na7 Rf8 28. Qc3
Na6 29. Qxa5 Nc8 30. Nxc8 Rxc8 31. Qd2 Qd8 32. Bf1 Qb6+ 33. Kg2 Rxc2 34. Qxc2
Qc5 35. Qc4 Qe3 36. Qc8+ Kg7 37. Bxa6 Qxe4+ 38. Kf2 Qd4+ 39. Ke2 bxa6 40. Qxa6
Qb2+ 41. Kf1 Qb1+ 42. Kf2 Qxb3 43. Qb5 Qc2+ 44. Kg1 Qd1+ 45. Kg2 Qc2+ 46. Kg1
Qd1+ 47. Kg2 Qc2+ 48. Kg1 Qd1+ 1/2-1/2